000 01677nam a2200337 a 4500
001 BRCA_8626
005 20190320210341.0
008 210916s1790----sp-#######---#000-0#lat-#
041 _alat
044 _asp
050 4 _aKBR2155
_b.S82
_c1790
100 1 _aSuarez de paz, Domino Gundisalvo
_921541
245 1 0 _aPraxis ecclesiastica et saecularis in qua
_bacta processuum omnium utriusque fori causarum cum actionum formulis sermone hispano composita & ad nodierum stylum accomodata traduntur & ordinatur
_cDomino Gundisalvo Suarez de paz.
250 _aeditio novissima
260 _aMatriti
_bApud d. petrum marin
_c1790
300 _aT.I y II
_c30 cm
500 _aFondo antiguo
500 _aSe encuentra en Caja Fuerte
500 _aLM- 37
500 _aIncluye índice
500 _aTexto impreso a dos columnas
500 _aUso de viñetas al final de los capítulos
500 _aEstado físico: se observa daño por polilla en las páginas del documento
500 _aNota de encuadernación: en piel pergamino
505 0 _aPrimus tomus contiene: forma et modo procedendi tam in causis civilibus quam in criminalibus, agitandis in tribunalibus saecularibus, tám in prima, quám in reliquis instantiis.-- secundos tomus en forma, et modo procedenti in foto ecclesiastico circa causas ibi pertractandas.-- S. Rotae romanae decisiones recentissimo Domini Suarez de Paz praxim ecclesiasticam, et saecularem iaudentes, & confirmantes
506 0 _aFondo reservado: para su consulta es necesario credencial de usuario y carta de motivos
650 1 4 _aDerecho canónico
_921260
650 1 4 _aDerecho civil
_921542
902 _aLAR
942 _2lcc
_cB
999 _c8286
_d8286